000 00432nam a2200181Ia 4500
005 20240823060316.0
008 240823s9999||||xx |||||||||||||| ||und||
041 _aENGLISH
082 _A621.4021 N3
100 _aBallaney P L
245 0 _aApplied Thermodynamics
250 _a4th
260 _c1993
_b"Khanna,Delhi"
500 _aYES
650 _aThermodynamics
_bAeronautical Engineering
942 _cBK
999 _c230822
_d230822